000 00374nam a2200133Ia 4500
008 220217s9999||||xx |||||||||||||| ||und||
020 _a978-81-265-1666-7
082 _a620.004 OMU
100 _aOmura, George
_95853
245 0 _aIntroducing autocad 2009 and autocad LT 2009
260 _aWiley and sons
_bNew Delhi
_c2008
300 _b299
650 _aCAD/CAM
_95854
999 _c177197
_d177197